LIBRARY & INFORMATION CENTRE, KCAET, TAVANUR

ONLINE PUBLIC ACCESS CATALOGUE (OPAC)

Farm Management (Record no. 14257)

MARC details
000 -LEADER
fixed length control field 00303nam a22001337a 4500
020 ## - INTERNATIONAL STANDARD BOOK NUMBER
ISBN 97881261571429
082 ## - DEWEY DECIMAL CLASSIFICATION NUMBER
Classification number 630
Item number PAR/FA
100 ## - MAIN ENTRY--AUTHOR NAME
Personal name Parameshwar Singh
245 ## - TITLE STATEMENT
Title Farm Management
250 ## - EDITION STATEMENT
Edition statement 1
260 ## - PUBLICATION, DISTRIBUTION, ETC. (IMPRINT)
Place of publication New Delhi
Name of publisher Anmol Publications P.vt.Ltd
Year of publication 2013
300 ## - PHYSICAL DESCRIPTION
Number of Pages 296
942 ## - ADDED ENTRY ELEMENTS (KOHA)
Koha item type Books
Holdings
Withdrawn status Lost status Damaged status Collection code Home library Current library Shelving location Date acquired Source of acquisition Cost, normal purchase price Full call number Accession Number Koha item type
        KAUAET KAUAET General Stacks 09/06/2016 Penta Books, Calicut 1500.00 630 PAR/FA 24218 Books
free website counter